Années Par images # 3 (Culture Général) - Statistiques

Statistiques générales
  • Ce quiz a été pris 93 fois
  • Le résultat moyen est 9 sur 15
Statistiques - réponses
Phrases Années % Correct
Révolution Française 1789
95%
Découverte de l'Amérique Par Colomb 1492
91%
Attentat de Charlie Hebdo 2015
91%
Bataille de Verdun 1916
89%
Prise de Pouvoir par Hitler 1933
89%
Débarquement de Normandie 1944
88%
Première élection d' Emmanuel Macron 2017
88%
Naissance de Jésus Christ 0
84%
Bataille d'Alesia -52
40%
la Grande Vadrouille de Funes 1966
30%
Opération dynamo 1940
26%
Publication les Misérables par Hugo 1862
20%
Libération d'Orléans par Jeanne d'arc 1429
15%
Invention de l' imprimerie 1450
14%
Couronnement de st Louis 1226
4%
Aucun quiz correspondant
Distribution des résultats
% des personnes avec chaque résultat
Percentile par nombre de réponses
Votre historique - résultats
Vous n’avez pas pris ce quiz